MARC details
| 000 -LEADER |
| fixed length control field |
01018cam a2200301 i 4500 |
| 001 - CONTROL NUMBER |
| control field |
200459792 |
| 003 - CONTROL NUMBER IDENTIFIER |
| control field |
TR-AnTOB |
| 005 - DATE AND TIME OF LATEST TRANSACTION |
| control field |
20240731150428.0 |
| 007 - PHYSICAL DESCRIPTION FIXED FIELD--GENERAL INFORMATION |
| fixed length control field |
ta |
| 008 - FIXED-LENGTH DATA ELEMENTS--GENERAL INFORMATION |
| fixed length control field |
031231s2003 tu a r 000 0 tur d |
| 040 ## - CATALOGING SOURCE |
| Original cataloging agency |
TR-AnTOB |
| Language of cataloging |
eng |
| Description conventions |
rda |
| Transcribing agency |
TR-AnTOB |
| 041 0# - LANGUAGE CODE |
| Language code of text/sound track or separate title |
Türkçe |
| 050 ## - LIBRARY OF CONGRESS CALL NUMBER |
| Classification number |
HF5230.5.I95 |
| Item number |
A4534 2003 |
| 090 ## - LOCALLY ASSIGNED LC-TYPE CALL NUMBER (OCLC); LOCAL CALL NUMBER (RLIN) |
| Classification number (OCLC) (R) ; Classification number, CALL (RLIN) (NR) |
TOBBK HF 5230.5.I95 |
| Local cutter number (OCLC) ; Book number/undivided call number, CALL (RLIN) |
A4534 2003 |
| 092 ## - LOCALLY ASSIGNED DEWEY CALL NUMBER (OCLC) |
| Classification number |
REH ALİ V. 2003 K. |
| 245 00 - TITLE STATEMENT |
| Title |
Aliağa ticaret ve sanayi rehberi / |
| Statement of responsibility, etc. |
Aliağa Ticaret Odası. |
| 246 24 - VARYING FORM OF TITLE |
| Title proper/short title |
Aliağa sanayi ve ticaret rehberi. |
| 264 #1 - PRODUCTION, PUBLICATION, DISTRIBUTION, MANUFACTURE, AND COPYRIGHT NOTICE |
| Place of production, publication, distribution, manufacture |
İzmir : |
| Name of producer, publisher, distributor, manufacturer |
Aliağa Ticaret Odası, |
| Date of production, publication, distribution, manufacture, or copyright notice |
2003. |
| 300 ## - PHYSICAL DESCRIPTION |
| Extent |
219 pages : |
| Other physical details |
illustrations ; |
| Dimensions |
24 cm |
| 336 ## - CONTENT TYPE |
| Content type term |
text |
| Content type code |
txt |
| Source |
rdacontent |
| 337 ## - MEDIA TYPE |
| Media type term |
unmediated |
| Media type code |
n |
| Source |
rdamedia |
| 338 ## - CARRIER TYPE |
| Carrier type term |
volume |
| Carrier type code |
nc |
| Source |
rdacarrier |
| 651 #7 - SUBJECT ADDED ENTRY--GEOGRAPHIC NAME |
| Geographic name |
Aliağa (İzmir İli, Türkiye) |
| General subdivision |
Ticaret |
| Form subdivision |
Rehberler |
| Source of heading or term |
etuturkob |
| 9 (RLIN) |
145188 |
|
| Geographic name |
Aliağa (İzmir İli, Türkiye) |
| General subdivision |
İmalat |
| Form subdivision |
Rehberler |
| Source of heading or term |
etuturkob |
| 9 (RLIN) |
145188 |
| 710 2# - ADDED ENTRY--CORPORATE NAME |
| Corporate name or jurisdiction name as entry element |
Aliağa Ticaret Odası |
| 9 (RLIN) |
145402 |
| 942 ## - ADDED ENTRY ELEMENTS (KOHA) |
| Source of classification or shelving scheme |
Library of Congress Classification |
| Koha item type |
Book |